000 00206 a2200097 4500
001 23606
100 _aRoskill, S.W
245 _aStrategy of sea power
260 _a
_bCollins
_c1963
090 _c15991
_d15991
942 _aNUST-CAE
_cM
_c6659
999 _c258679
_d258679